| 000 | 00427pab a2200169 454500 | ||
|---|---|---|---|
| 008 | 180718b2001 xxu||||| |||| 00| 0 eng d | ||
| 100 | _aPatil, R.H. | ||
| 245 | _aDebt market reforms | ||
| 260 | _c2001 | ||
| 300 | _ap.802-05 | ||
| 362 | _a10 Mar | ||
| 650 | _aBudget - India - 2001-2002 | ||
| 650 | _aFinancial markets - India | ||
| 650 | _aFinancial markets | ||
| 773 | _aEconomic and Political Weekly | ||
| 909 | _a47861 | ||
| 999 |
_c47861 _d47861 |
||